000 00930cam a22002531i 4500
003 SA-RiAUC
005 20241202135030.0
008 241123s1990 su g 00000 ara c
040 _aSA-RiAUC
_bara
_cSA-RiAUC
_erda
082 0 4 _a253.9
_qSA-RiAUC
090 _a253.9
_b ح م ا
100 1 _aحماد، نزيه كمال
_eمؤلف.
245 1 0 _aدراسات في أصول المداينات في الفقه الإسلامي /
_cتأليف نزيه حماد.
246 3 0 _aالمداينات
250 _aالطبعة الأولى.
264 1 _aالطائف، السعودية :
_bدار الفاروق،
_c1990
300 _a307 صفحة ؛
_c24 سم
336 _aنص
_btxt
_2rdacontent
_3كتاب
337 _aبدون وسيط
_bn
_2rdamedia
338 _aمجلد
_bnc
_2rdacarrier
650 7 _aالديون (فقه إسلامي)
_2aucsh
942 _2ddc
_cBOOK
_n0
949 _aSA-JeALM
_d241123
_umohamedma123
_n1
999 _c2940
_d2940